Informe final del Ejercicio Profesional Supervisado, realizado en Papelería Marlyn, ubicada en Cobán, Alta Verapaz/ (Registro nro. 1632)

Detalles MARC
000 -LEADER
campo de control de longitud fija 03029nam a22003137i 4500
001 - NÚMERO DE CONTROL
campo de control TCPA 70
003 - IDENTIFICADOR DE NÚMERO DE CONTROL
campo de control gtcocun
005 - FECHA Y HORA DE LA ÚLTIMA TRANSACCIÓN
campo de control 20250902231754.0
006 - CÓDIGOS DE INFORMACIÓN DE LONGITUD FIJA--CARACTERÍSTICAS DEL MATERIAL ADICIONAL
campo de control de longitud fija a||||gr|||| 00| 0
008 - DATOS DE LONGITUD FIJA--INFORMACIÓN GENERAL
campo de control de longitud fija 250902b2018 gt ||||| m||| 00| 0 eng d
040 ## - FUENTE DE CATALOGACIÓN
Centro catalogador/agencia de origen gtcocun
Lengua de catalogación SPA
Centro/agencia transcriptor gtcocun
Normas de descripción RDA
041 ## - CÓDIGO DE IDIOMA
Código de lengua del texto/banda sonora o título independiente SPA
084 ## - OTRO NÚMERO DE CLASIFICACIÓN
Número de control del registro de autoridad o número normalizado TCPA 70
100 ## - ENTRADA PRINCIPAL--NOMBRE DE PERSONA
Nombre de persona Sandoval Tiul, Claudia Maribel
Término indicativo de función/relación Autor
245 ## - MENCIÓN DEL TÍTULO
Título Informe final del Ejercicio Profesional Supervisado, realizado en Papelería Marlyn, ubicada en Cobán, Alta Verapaz/
Mención de responsabilidad, etc. Claudia Maribel Sandoval Tiul
Medio Impreso
264 ## - PRODUCCIÓN, PUBLICACIÓN, DISTRIBUCIÓN, FABRICACIÓN Y COPYRIGHT
Producción, publicación, distribución, fabricación y copyright Cobán, Alta Verapaz:
Nombre del de productor, editor, distribuidor, fabricante Universidad de San Carlos de Guatemala, Centro Universitario del Norte, Licenciatura en Contaduría Pública y Auditoría.
Fecha de producción, publicación, distribución, fabricación o copyright 2018
300 ## - DESCRIPCIÓN FÍSICA
Extensión 49 p.:
Otras características físicas Ilustraciones, gráficas.
Dimensiones 28 cm; PDF
336 ## - TIPO DE CONTENIDO
Fuente rdacontenido
Término de tipo de contenido Texto
Código de tipo de contenido txt
337 ## - TIPO DE MEDIO
Fuente rdamedio
Nombre/término del tipo de medio Computadora
Código del tipo de medio n
338 ## - TIPO DE SOPORTE
Fuente rdasoporte
Nombre/término del tipo de soporte Código en línea
Código del tipo de soporte cr
502 ## - NOTA DE TESIS
identificador de la tesis .
502 ## - NOTA DE TESIS
Nota de tesis Tesis de grado
Tipo de título Licenciatura en Contaduría Pública y Auditoría.
Nombre de la institución que otorga el título Universidad de San Carlos de Guatemala, Centro Universitario del Norte, Licenciatura en Contaduría Pública y Auditoría.
Año de obtención del título 2018
Identificador de la tesis TCPA 70
520 14 - RESUMEN, ETC.
Sumario, etc. El Centro Universitario del Norte (CUNOR), ofrece la carrera de Licenciatura<br/>en Contaduría Pública y Auditoría, es impartida con excelencia académica y<br/>recursos necesarios para alcanzar objetivos y fines, los cuales consisten en la<br/>formación de profesionales de alto nivel académico y con ello lograr el desarrollo<br/>integral del estudiante a través de la educación superior.<br/>El Ejercicio Profesional Supervisado (EPS), realizado en Papelería Marilyn<br/>en la etapa inicial se obtuvo conocimientos sobre los inconvenientes surgidos en<br/>los procedimientos contables, la segunda fase está contenida por las acciones<br/>requeridas para cada situación encontrada y en la última etapa se presentaron<br/>los resultados adquiridos de cada hallazgo.<br/>De la revisión de los registros de compras y ventas, se obtuvo como<br/>resultado que estaban desactualizados, para contrarrestar esta situación se<br/>actualizaron los registros de acuerdo al orden cronológico y físico de la<br/>documentación contable que respalda los movimientos comerciales.<br/>El siguiente punto débil en la contabilidad es la inexistencia de un marco de<br/>referencia contable y medidas de control interno que establezcan los<br/>procedimientos para el adecuado registro de las actividades mercantiles según<br/>sea el origen de las mismas, en este caso se elaboró un manual que contiene<br/>información básica y necesaria para la preparación del estado de resultados y<br/>estado de situación general, la idea central es que exista uniformidad y<br/>razonabilidad en el contenido de los mismos.
650 ## - PUNTO DE ACCESO ADICIONAL DE MATERIA--TÉRMINO DE MATERIA
Fuente del encabezamiento o término LEMB
Término de materia o nombre geográfico como elemento de entrada Cobán, Alta Verapaz
Subdivisión general compras
-- ventas
-- manual contable
-- planilla
700 ## - ENTRADA AGREGADA--NOMBRE PERSONAL
Nombre de persona Lic. Miguel Alberto Klug Caal
Término indicativo de función/relación Asesor
856 ## - LOCALIZACIÓN Y ACCESO ELECTRÓNICOS
Identificador Uniforme de Recurso <a href="https://drive.google.com/file/d/1d44UtSk_pQMXz1TpM_ZGqU69qsi7DoiI/view?usp=sharing">https://drive.google.com/file/d/1d44UtSk_pQMXz1TpM_ZGqU69qsi7DoiI/view?usp=sharing</a>
Texto de enlace PDF
Nota pública Un ejemplar en línea.
942 ## - ELEMENTOS DE ENTRADA SECUNDARIOS (KOHA)
Fuente de la clasificación o esquema de estantería Clasificación Decimal Dewey
Tipo de ítem Koha TESIS
Prefijo de la signatura Clasificación
Suprimir en OPAC No
Existencias
Estatus retirado Estado de pérdida Fuente de la clasificación o esquema de estantería Estado de daño No para préstamo Colección Biblioteca de origen Biblioteca actual Ubicación en estantería Fecha de adquisición Número de inventario Total de préstamos Signatura topográfica completa Código de barras Visto por última vez Precio de reemplazo Tipo de ítem Koha
    Clasificación Decimal Dewey     tesis BIBLIOTECA- CUNOR -JOSÉ LUIS GONZALES ROSALES BIBLIOTECA- CUNOR -JOSÉ LUIS GONZALES ROSALES Colección tesis 02/09/2025 TCPA 070   TCPA 070 TCPA 070 02/09/2025 02/09/2025 TESIS